2018 NFL Draft - Statistics

General Stats
  • This quiz has been taken 9 times
  • The average score is 70 of 256
Answer Stats
Rnd. Pick No. NFL team Player Pos. College % Correct
1 1 Cleveland Browns Baker Mayfield QB Oklahoma
100%
1 3 New York Jets Sam Darnold QB USC
100%
1 2 New York Giants Saquon Barkley RB Penn State
100%
4 111 Los Angeles Rams Brian Allen C Michigan State
89%
1 4 Cleveland Browns Denzel Ward CB Ohio State
89%
2 55 Carolina Panthers Donte Jackson CB LSU
89%
1 7 Buffalo Bills Josh Allen QB Wyoming
89%
2 45 Green Bay Packers Josh Jackson CB Iowa
89%
1 10 Arizona Cardinals Josh Rosen QB UCLA
89%
7 251 Los Angeles Chargers Justin Jackson RB Northwestern
89%
1 32 Baltimore Ravens Lamar Jackson QB Louisville
89%
5 148 Pittsburgh Steelers Marcus Allen S Penn State
89%
7 234 Carolina Panthers Andre Smith LB North Carolina
78%
2 37 Indianapolis Colts Braden Smith OG Auburn
78%
1 5 Denver Broncos Bradley Chubb DE NC State
78%
1 17 Los Angeles Chargers Derwin James S Florida State
78%
4 126 Atlanta Falcons Ito Smith RB Southern Miss
78%
2 43 Detroit Lions Kerryon Johnson RB Auburn
78%
3 86 Baltimore Ravens Mark Andrews TE Oklahoma
78%
1 11 Miami Dolphins Minkah Fitzpatrick S Alabama
78%
2 35 Cleveland Browns Nick Chubb RB Georgia
78%
4 110 Oakland Raiders Nick Nelson CB Wisconsin
78%
1 6 Indianapolis Colts Quenton Nelson OG Notre Dame
78%
1 27 Seattle Seahawks Rashaad Penny RB San Diego State
78%
7 240 San Francisco 49ers Richie James WR Middle Tennessee
78%
1 8 Chicago Bears Roquan Smith LB Georgia
78%
5 154 Buffalo Bills Siran Neal CB Jacksonville State
78%
1 31 New England Patriots Sony Michel RB Georgia
78%
4 121 Buffalo Bills Taron Johnson CB Weber State
78%
6 196 Kansas City Chiefs Tremon Smith CB Central Arkansas
78%
3 91 New Orleans Saints Tre'Quan Smith WR UCF
78%
1 12 Tampa Bay Buccaneers Vita Vea NT Washington
78%
2 50 Dallas Cowboys Connor Williams OG Texas
67%
7 226 Denver Broncos David Williams RB Arkansas
67%
1 24 Carolina Panthers D. J. Moore WR Maryland
67%
1 20 Detroit Lions Frank Ragnow C Arkansas
67%
1 18 Green Bay Packers Jaire Alexander CB Louisville
67%
5 168 Seattle Seahawks Jamarco Jones OT Ohio State
67%
4 133 Green Bay Packers J'Mon Moore WR Missouri
67%
3 84 Los Angeles Chargers Justin Jones DT NC State
67%
6 189 New Orleans Saints Kamrin Moore CB Boston College
67%
2 42 Miami Dolphins Mike Gesicki TE Penn State
67%
2 38 Tampa Bay Buccaneers Ronald Jones II RB USC
67%
6 183 Denver Broncos Sam Jones OG Arizona State
67%
3 95 San Francisco 49ers Tarvarius Moore S Southern Miss
67%
2 51 Chicago Bears Anthony Miller WR Memphis
56%
1 21 Cincinnati Bengals Billy Price C Ohio State
56%
1 26 Atlanta Falcons Calvin Ridley WR Alabama
56%
2 63 Tampa Bay Buccaneers Carlton Davis CB Auburn
56%
2 40 Denver Broncos Courtland Sutton WR SMU
56%
1 15 Oakland Raiders Kolton Miller OT UCLA
56%
4 119 Los Angeles Chargers Kyzir White S West Virginia
56%
1 19 Dallas Cowboys Leighton Vander Esch LB Boise State
56%
5 171 Dallas Cowboys Mike White QB Western Kentucky
56%
1 28 Pittsburgh Steelers Terrell Edmunds S Virginia Tech
56%
1 16 Buffalo Bills Tremaine Edmunds LB Virginia Tech
56%
5 158 Cincinnati Bengals Andrew Brown DE Virginia
44%
2 47 Arizona Cardinals Christian Kirk WR Texas A&M
44%
2 49 Philadelphia Eagles Dallas Goedert TE South Dakota State
44%
1 13 Washington Redskins Daron Payne NT Alabama
44%
5 151 Cincinnati Bengals Davontae Harris CB Illinois State
44%
2 61 Jacksonville Jaguars D. J. Chark WR LSU
44%
6 207 Green Bay Packers Equanimeous St. Brown WR Notre Dame
44%
3 70 San Francisco 49ers Fred Warner LB BYU
44%
2 41 Tennessee Titans Harold Landry LB Boston College
44%
1 25 Baltimore Ravens Hayden Hurst TE South Carolina
44%
1 23 New England Patriots Isaiah Wynn OT Georgia
44%
6 186 Seattle Seahawks Jacob Martin LB Temple
44%
2 54 Cincinnati Bengals Jessie Bates S Wake Forest
44%
6 184 San Francisco 49ers Marcell Harris S Florida
44%
1 14 New Orleans Saints Marcus Davenport DE UTSA
44%
3 76 Pittsburgh Steelers Mason Rudolph QB Oklahoma State
44%
5 140 Oakland Raiders Maurice Hurst DT Michigan
44%
1 9 San Francisco 49ers Mike McGlinchey OT Notre Dame
44%
3 83 Baltimore Ravens Orlando Brown Jr. OT Oklahoma
44%
1 22 Tennessee Titans Rashaan Evans LB Alabama
44%
4 127 New Orleans Saints Rick Leonard OT Florida State
44%
3 77 Cincinnati Bengals Sam Hubbard DE Ohio State
44%
2 36 Indianapolis Colts Shaquille Leonard LB South Carolina State
44%
3 69 New York Giants B. J. Hill DT NC State
33%
2 62 Minnesota Vikings Brian O'Neill OT Pittsburgh
33%
3 67 Cleveland Browns Chad Thomas DE Miami (FL)
33%
2 59 Washington Redskins Derrius Guice RB LSU
33%
4 101 Carolina Panthers Ian Thomas TE Indiana
33%
2 39 Chicago Bears James Daniels C Iowa
33%
2 60 Pittsburgh Steelers James Washington WR Oklahoma State
33%
6 211 Houston Texans Jordan Thomas TE Mississippi State
33%
7 223 San Francisco 49ers Jullian Taylor DT Temple
33%
3 68 Houston Texans Justin Reid S Stanford
33%
3 97 Arizona Cardinals Mason Cole C Michigan
33%
5 149 Seattle Seahawks Michael Dickson P Texas
33%
7 252 Cincinnati Bengals Rod Taylor OG Ole Miss
33%
3 93 Jacksonville Jaguars Ronnie Harrison S Alabama
33%
5 141 Seattle Seahawks Shaquem Griffin LB UCF
33%
6 188 Cleveland Browns Simeon Thomas CB Louisiana
33%
7 231 Los Angeles Rams Travin Howard LB TCU
33%
4 120 Seattle Seahawks Will Dissly TE Washington
33%
2 34 New York Giants Will Hernandez OG UTEP
33%
3 94 Tampa Bay Buccaneers Alex Cappa OT Humboldt State
22%
2 33 Cleveland Browns Austin Corbett OT Nevada
22%
3 65 Oakland Raiders Brandon Parker OT North Carolina A&T
22%
6 182 Arizona Cardinals Chris Campbell CB Penn State
22%
6 178 New England Patriots Christian Sam LB Arizona State
22%
4 137 Dallas Cowboys Dalton Schultz TE Stanford
22%
5 170 Cincinnati Bengals Darius Phillips CB Western Michigan
22%
3 75 Kansas City Chiefs Derrick Nnadi DT Florida State
22%
4 123 Miami Dolphins Durham Smythe TE Notre Dame
22%
3 96 Buffalo Bills Harrison Phillips DT Stanford
22%
7 229 Miami Dolphins Jason Sanders K New Mexico
22%
5 161 Carolina Panthers Jermaine Carter LB Maryland
22%
3 73 Miami Dolphins Jerome Baker LB Ohio State
22%
4 117 Tampa Bay Buccaneers Jordan Whitehead S Pittsburgh
22%
4 106 Denver Broncos Josey Jewell LB Iowa
22%
4 130 Philadelphia Eagles Josh Sweat DE Florida State
22%
4 131 Miami Dolphins Kalen Ballage RB Arizona State
22%
4 108 New York Giants Kyle Lauletta QB Richmond
22%
3 66 New York Giants Lorenzo Carter LB Georgia
22%
3 78 Cincinnati Bengals Malik Jefferson LB Texas
22%
7 221 Indianapolis Colts Matthew Adams LB Houston
22%
3 81 Dallas Cowboys Michael Gallup WR Colorado State
22%
1 30 Minnesota Vikings Mike Hughes CB UCF
22%
4 104 Indianapolis Colts Nyheim Hines RB NC State
22%
3 71 Denver Broncos Royce Freeman RB Oregon
22%
1 29 Jacksonville Jaguars Taven Bryan DT Florida
22%
7 256 Washington Redskins Trey Quinn WR SMU
22%
5 157 Minnesota Vikings Tyler Conklin TE Central Michigan
22%
2 64 Indianapolis Colts Tyquan Lewis DE Ohio State
22%
5 153 Detroit Lions Tyrell Crosby OT Oregon
22%
5 166 Buffalo Bills Wyatt Teller OG Virginia Tech
22%
4 105 Cleveland Browns Antonio Callaway WR Florida
11%
3 87 Oakland Raiders Arden Key DE LSU
11%
6 201 New Orleans Saints Boston Scott RB Louisiana Tech
11%
6 210 New England Patriots Braxton Berrios WR Miami (FL)
11%
2 46 Kansas City Chiefs Breeland Speaks DE Ole Miss
11%
4 134 Arizona Cardinals Chase Edmonds RB Fordham
11%
4 107 New York Jets Chris Herndon TE Miami (FL)
11%
3 92 Pittsburgh Steelers Chukwuma Okorafor OT Western Michigan
11%
4 113 Denver Broncos DaeSean Hamilton WR Penn State
11%
7 219 New England Patriots Danny Etling QB LSU
11%
2 44 San Francisco 49ers Dante Pettis WR Washington
11%
5 142 San Francisco 49ers D. J. Reed CB Kansas State
11%
3 100 Kansas City Chiefs Dorian O'Daniel LB Clemson
11%
2 56 New England Patriots Duke Dawson CB Florida
11%
6 180 New York Jets Folorunso Fatukasi DT UConn
11%
6 200 Atlanta Falcons Foyesade Oluokun S Yale
11%
5 150 Cleveland Browns Genard Avery LB Memphis
11%
2 58 Atlanta Falcons Isaiah Oliver CB Colorado
11%
4 132 Baltimore Ravens Jaleel Scott WR New Mexico State
11%
5 143 New England Patriots Ja'Whaun Bentley LB Purdue
11%
5 165 Pittsburgh Steelers Jaylen Samuels RB NC State
11%
5 172 Green Bay Packers J. K. Scott P Alabama
11%
4 135 Los Angeles Rams John Franklin-Myers DE Stephen F. Austin
11%
7 233 Philadelphia Eagles Jordan Mailata OT IPPP (Rugby)
11%
3 89 Los Angeles Rams Joseph Noteboom OT TCU
11%
6 198 Kansas City Chiefs Kahlil McKenzie DT Tennessee
11%
4 103 Houston Texans Keke Coutee WR Texas Tech
11%
2 52 Indianapolis Colts Kemoko Turay DE Rutgers
11%
7 242 Carolina Panthers Kendrick Norton DT Miami (FL)
11%
4 122 Baltimore Ravens Kenny Young LB UCLA
11%
7 247 Jacksonville Jaguars Logan Cooke P Mississippi State
11%
6 199 Tennessee Titans Luke Falk QB Washington State
11%
4 112 Cincinnati Bengals Mark Walton RB Miami (FL)
11%
2 53 Tampa Bay Buccaneers M. J. Stewart CB North Carolina
11%
3 72 New York Jets Nathan Shepherd DT Fort Hays State
11%
3 88 Green Bay Packers Oren Burks LB Vanderbilt
11%
2 57 Oakland Raiders P. J. Hall DT Sam Houston State
11%
7 227 Miami Dolphins Quentin Poling LB Ohio
11%
3 79 Seattle Seahawks Rasheem Green DE USC
11%
6 187 Buffalo Bills Ray-Ray McCloud WR Clemson
11%
5 139 New York Giants R. J. McIntosh DT Miami (FL)
11%
6 194 Atlanta Falcons Russell Gage WR LSU
11%
7 250 New England Patriots Ryan Izzo TE Florida State
11%
6 197 Washington Redskins Shaun Dion Hamilton LB Alabama
11%
5 163 Washington Redskins Tim Settle DT Virginia Tech
11%
3 82 Detroit Lions Tracy Walker S Louisiana
11%
6 205 Los Angeles Rams Trevon Young DE Louisville
11%
4 109 Washington Redskins Troy Apke S Penn State
11%
2 48 Los Angeles Chargers Uchenna Nwosu LB USC
11%
7 245 New Orleans Saints Will Clapp C LSU
11%
6 218 MinnesotaVikings Ade Aruna DE Tulane
0%
7 220 Seattle Seahawks Alex McGough QB FIU
0%
4 118 Baltimore Ravens Anthony Averett CB Alabama
0%
4 124 Kansas City Chiefs Armani Watts S Texas A&M
0%
7 253 Cincinnati Bengals Auden Tate WR Florida State
0%
7 255 Buffalo Bills Austin Proehl WR North Carolina
0%
4 125 Philadelphia Eagles Avonte Maddox CB Pittsburgh
0%
6 216 Oakland Raiders Azeem Victor LB Washington
0%
5 145 Chicago Bears Bilal Nichols DT Delaware
0%
7 236 Dallas Cowboys Bo Scarbrough RB Alabama
0%
6 215 Baltimore Ravens Bradley Bozeman C Alabama
0%
6 208 Dallas Cowboys Cedrick Wilson Jr. WR Boise State
0%
6 193 Dallas Cowboys Chris Covington LB Indiana
0%
6 213 Minnesota Vikings Colby Gossett OG Appalachian State
0%
5 138 Green Bay Packers Cole Madison OG Washington State
0%
6 209 Miami Dolphins Cornell Armstrong CB Southern Miss
0%
6 175 Cleveland Browns Damion Ratley WR Texas A&M
0%
5 152 Tennessee Titans Dane Cruikshank CB Arizona
0%
5 167 Minnesota Vikings Daniel Carlson K Auburn
0%
4 114 Detroit Lions Da'Shawn Hand DE Alabama
0%
5 159 Indianapolis Colts Daurice Fountain WR Northern Iowa
0%
3 90 Atlanta Falcons Deadrin Senat DT South Florida
0%
6 185 Indianapolis Colts Deon Cain WR Clemson
0%
6 190 Baltimore Ravens DeShon Elliott S Texas
0%
7 225 Minnesota Vikings Devante Downs LB California
0%
4 116 Dallas Cowboys Dorance Armstrong DE Kansas
0%
6 177 Houston Texans Duke Ejiofor DE Wake Forest
0%
6 191 Los Angeles Chargers Dylan Cantrell WR Texas Tech
0%
3 74 Washington Redskins Geron Christian OT Louisville
0%
6 212 Baltimore Ravens Greg Senat OT Wagner
0%
7 241 Washington Redskins Greg Stroman CB Virginia Tech
0%
7 239 Green Bay Packers Hunter Bradley LS Mississippi State
0%
3 99 Denver Broncos Isaac Yiadom CB Boston College
0%
6 202 Tampa Bay Buccaneers Jack Cichy LB Wisconsin
0%
4 102 Minnesota Vikings Jalyn Holmes DE Ohio State
0%
7 232 Green Bay Packers James Looney DE California
0%
6 192 Los Angeles Rams Jamil Demby OT Maine
0%
7 224 Chicago Bears Javon Wims WR Georgia
0%
7 222 Houston Texans Jermaine Kelly CB San Jose State
0%
4 115 Chicago Bears Joel Iyiegbuniwe LB Western Kentucky
0%
6 176 Los Angeles Rams John Kelly RB Tennessee
0%
5 173 Oakland Raiders Johnny Townsend P Florida
0%
3 98 Houston Texans Jordan Akins TE UCF
0%
5 162 Baltimore Ravens Jordan Lasley WR UCLA
0%
5 169 Indianapolis Colts Jordan Wilkins RB Ole Miss
0%
7 246 Pittsburgh Steelers Joshua Frazier DT Alabama
0%
7 244 Los Angeles Rams Justin Lawler DE SMU
0%
5 144 Tampa Bay Buccaneers Justin Watson WR Penn
0%
7 243 New England Patriots Keion Crossen CB Western Carolina
0%
6 217 Denver Broncos Keishawn Bierria LB Washington
0%
7 248 Green Bay Packers Kendall Donnerson LB Southeast Missouri State
0%
4 128 San Francisco 49ers Kentavius Street DE NC State
0%
7 254 Arizona Cardinals Korey Cunningham OT Cincinnati
0%
6 181 Chicago Bears Kylie Fitts DE Utah
0%
7 230 Jacksonville Jaguars Leon Jacobs LB Wisconsin
0%
7 249 Cincinnati Bengals Logan Woodside QB Toledo
0%
7 228 Oakland Raiders Marcell Ateman WR Oklahoma State
0%
5 174 Green Bay Packers Marquez Valdes-Scantling WR South Florida
0%
4 136 Carolina Panthers Marquis Haynes DE Ole Miss
0%
3 80 Houston Texans Martinas Rankin OT Mississippi State
0%
6 206 Philadelphia Eagles Matt Pryor OT TCU
0%
5 147 Los Angeles Rams Micah Kiser LB Virginia
0%
5 164 New Orleans Saints Natrell Jamerson S Wisconsin
0%
7 237 Detroit Lions Nick Bawden FB San Diego State
0%
5 160 Los Angeles Rams Ogbonnia Okoronkwo LB Oklahoma
0%
6 179 New York Jets Parry Nickerson CB Tulane
0%
6 214 Houston Texans Peter Kalambayi LB Stanford
0%
3 85 Carolina Panthers Rashaan Gaulden CB Tennessee
0%
5 155 Los Angeles Chargers Scott Quessenberry C UCLA
0%
6 195 Los Angeles Rams Sebastian Joseph-Day DT Rutgers
0%
6 203 Jacksonville Jaguars Tanner Lee QB Nebraska
0%
5 146 Seattle Seahawks Tre Flowers S Oklahoma State
0%
6 204 New York Jets Trenton Cannon RB Virginia State
0%
5 156 Denver Broncos Troy Fumagalli TE Wisconsin
0%
4 129 Jacksonville Jaguars Will Richardson OT NC State
0%
7 238 Baltimore Ravens Zach Sieler DE Ferris State
0%
7 235 Indianapolis Colts Zaire Franklin LB Syracuse
0%
No matching quizzes found
Score Distribution
Percent of People with Each Score
Percentile by Number Answered
Your Score History
You have not taken this quiz